| 000 | 01180nam a22003377a 4500 | ||
|---|---|---|---|
| 003 | URS | ||
| 005 | 20260406115149.0 | ||
| 008 | 260314b |||||||| |||| 00| 0 eng d | ||
| 020 | _a978-0-44328-671-1 | ||
| 040 |
_cURS _bEnglish _erda |
||
| 050 | 0 | 0 |
_aR735 _b.R2736 2025 |
| 245 | 0 | 0 |
_aReimagining medical education : _bthe future of health equity and social justice / _c Eduardo Bonilla-Silva...[and eight others]. |
| 250 | _a1st edition. | ||
| 264 |
_aNew York : _bElsevier, _c©2025. |
||
| 300 |
_axi, 238 pages : _billustrations ; _c24 cm. |
||
| 336 |
_atext _btxt _2rdacontent |
||
| 337 |
_aunmediated _bn _2rdamedia |
||
| 338 |
_avolume _bnc _2rdacarrier |
||
| 504 | _aIncludes bibliographical references and index. | ||
| 650 | 0 |
_aMedical education. _91253 |
|
| 650 | 0 |
_aHealth equity. _96718 |
|
| 700 |
_aBonilla-Silva, Eduardo, _eauthor. _96714 |
||
| 700 |
_aHaozous, Emily A., _eauthor. _96715 |
||
| 700 |
_aKayingo, Gerald, _eauthor. _96716 |
||
| 700 |
_aMeeks, Lisa, _eauthor. _96717 |
||
| 700 |
_aNúñez, Ana _eauthor. |
||
| 700 |
_aOyeyemi, Toyese _eauthor. |
||
| 700 |
_aSoutherland, Janet _eauthor. |
||
| 700 |
_aSukhera, Javeed, _eauthor. |
||
| 942 |
_2lcc _cR |
||
| 999 |
_c99048 _d99045 |
||